Discurso leído a la Real Academia de la Historia por su director el Excmo. Sr. D. Martín Fernández de Navarrete en Junta de 15 de diciembre de 1843 al terminar el trienio de su dirección, en cumplimiento de lo mandado en los Estatutos. (Record no. 53844)

MARC details
000 -LEADER
campo de control de longitud fija 01003nam a2200229 i 4500
001 - NÚMERO DE CONTROL
campo de control 53844
003 - IDENTIFICADOR DE NÚMERO DE CONTROL
campo de control ES-MaACL
005 - FECHA Y HORA DE LA ÚLTIMA TRANSACCIÓN
campo de control 20240615063028.0
007 - CAMPO FIJO DE DESCRIPCIÓN FÍSICA--INFORMACIÓN GENERAL
campo de control de longitud fija t|
008 - DATOS DE LONGITUD FIJA--INFORMACIÓN GENERAL
campo de control de longitud fija 931025s1844 sp ||||1| spa d
080 ## - NÚMERO DE LA CLASIFICACIÓN DECIMAL UNIVERSAL
Número de la Clasificación Decimal Universal 930:061.22(460.27 M.)
100 1# - ENTRADA PRINCIPAL--NOMBRE DE PERSONA
Nombre de persona Fernández de Navarrete, Martín,
Fechas asociadas al nombre 1765-1844
9 (RLIN) 49698
245 10 - MENCIÓN DEL TÍTULO
Título Discurso leído a la Real Academia de la Historia por su director el Excmo. Sr. D. Martín Fernández de Navarrete en Junta de 15 de diciembre de 1843 al terminar el trienio de su dirección, en cumplimiento de lo mandado en los Estatutos.
260 ## - PUBLICACIÓN, DISTRIBUCIÓN, ETC.
Lugar de publicación, distribución, etc. Madrid :
Nombre del editor, distribuidor, etc. [s.n.],
Fecha de publicación, distribución, etc. 1844 (
Fabricante Imp. de D. Eusebio Aguado)
300 ## - DESCRIPCIÓN FÍSICA
Extensión 44 p. ;
Dimensiones 21 cm.
530 ## - NOTA DISPONIBLE DE FORMULARIO FÍSICO ADICIONAL
Nota de formato físico adicional disponible Disponible en formato digital.
710 2# - ENTRADA AGREGADA--NOMBRE DE ENTIDAD CORPORATIVA
Nombre de entidad corporativa o nombre de jurisdicción como elemento de entrada Real Academia de la Historia (España)
9 (RLIN) 6309
852 4# - LOCALIZACIÓN
Ubicación ES-MaACL
Número de control de estantería T-21-F-8
itemnumber 55897
Ubicación en estantería Depósito folletos
856 4# - LOCALIZACIÓN Y ACCESO ELECTRÓNICOS
Identificador Uniforme de Recursos <a href="http://bdh-rd.bne.es/viewer.vm?id=0000168509&page=1 ">http://bdh-rd.bne.es/viewer.vm?id=0000168509&page=1 </a>
Texto de enlace Versión en línea
Nota pública Biblioteca Digital Hispánica
942 ## - ELEMENTOS DE ENTRADA SECUNDARIOS (KOHA)
Fuente del sistema de clasificación o colocación Clasificación decimal universal
Holdings
Estatus retirado Estado de pérdida Fuente del sistema de clasificación o colocación Estado de daño No para préstamo Colección Biblioteca de origen Biblioteca actual Ubicación en estantería Fecha de adquisición Total de préstamos Signatura topográfica completa Código de barras Visto por última vez Precio de reemplazo Tipo de ítem Koha
    Clasificación decimal universal     Biblioteca Digital del Ateneo de Madrid Biblioteca del Ateneo de Madrid Biblioteca del Ateneo de Madrid Depósito folletos 17/01/2008   T-21-F-8 1056587 23/02/2023 23/02/2023 Folleto